000 00371nam a22001577a 4500
003 MPLRDC
005 20220104144137.0
008 210129b ||||| |||| 00| 0 eng d
082 _a868.71 LXD c.2
100 _a李系德
245 _a古灵精怪集
_c
260 _a
_b人间出版社
_c1978
300 _b
650 _a马华文学
942 _cBK
_o868.71 LXD c.2
999 _c46789
_d46779